| 000 | 02518nmm a2200301 a 4500 | ||
|---|---|---|---|
| 003 | CO-CtgCURN | ||
| 005 | 20250721201733.0 | ||
| 007 | co cga0aaaauuu | ||
| 008 | 200615s2020 xx f 000 0 spa d | ||
| 040 |
_aCO-CtgCURN _bspa _ccoctgcurn |
||
| 082 |
_aDER 2020 _bM357a |
||
| 100 |
_aMárquez Avendaño, Adriana Lucia _eautora _94181 |
||
| 245 | 0 |
_aAlcances de la ley 1996 de 2019 sobre el reconocimiento y constitución de la capacidad jurídica en personas minusválidas y discapacitadas _h[electronic resource] / _cAdriana Lucia Márquez Avendaño; Stefany Paola Peña Fuentes; Joseph Ramón Toncel Frieri; asesor., Helmer David Agualimpia Romero |
|
| 260 |
_aBarranquilla, Atlántico : _bCorporación Universitaria Rafael Núñez, _c2020 |
||
| 300 | _a1 recurso en línea (76 páginas (PDF)) | ||
| 502 | _aTrabajo de Grado (Abogado). Corporación Universitaria Rafael Núñez. Facultad de Ciencias Sociales y Humanas. Programa de Derecho, 2020 | ||
| 504 | _aIncluye referencias bibliográficas | ||
| 520 | _aLas situaciones a las que se han enfrentado las personas con discapacidad hicieron surgir un movimiento de lucha política originado por ellas mismas y simpatizantes de la causa a nivel mundial a fines de reconocer la discapacidad como una manifestación de la diversidad humana y un modo de habitar el mundo, que por ello, ameritaba el reconocimiento de su calidad como sujetos de derechos, a quienes la sociedad impone limitantes para un ejercicio de derechos en igualdad de condiciones con el resto de personas. El tratado internacional consagra los derechos de aquellas personas con discapacidad desde una perspectiva de derechos humanos y, por ello, es parte del bloque de constitucionalidad del ordenamiento colombiano, lo cual lo hace de obligatorio cumplimiento en relación con las acciones públicas y privadas en materia de discapacidad a cargo del Estado y de la sociedad colombiana. | ||
| 521 | _aAREA PROFESIONAL | ||
| 590 | _aPrograma de Derecho_18 | ||
| 650 |
_aDerecho _vTesis y disertaciones académicas _94182 |
||
| 700 |
_aPeña Fuentes, Stefany Paola _eautora _94183 |
||
| 700 |
_aToncel Frieri, Joseph Ramón _eautor _94184 |
||
| 700 |
_aAgualimpia Romero, Helmer David _easesor _94185 |
||
| 856 |
_uhttps://unicurn.sharepoint.com/:b:/s/biblioteca/ERQ-Gc3s9MNKn6OZ0u-JL58Bsp0qor3LzChMbbCpKXMNxA?e=JDoybP _yConsulte aquí el texto completo |
||
| 942 |
_cTG _hDER 2020 _i M357a _2ddc _n0 |
||
| 999 |
_c510 _d510 |
||